Scènes de La Reine des Neiges dans le désordre - Statistiques

Statistiques générales
  • Ce quiz a été pris 1 421 fois
  • Le résultat moyen est 5 sur 15
Statistiques - réponses
Hint Explanation Réponse % Correct
La Reine des Neiges Scène n°2
88%
La Reine des Neiges Scène n°1
66%
La Reine des Neiges Scène n°5
45%
Vice Versa Scène n°4
42%
La Reine des Neiges Scène n°3
39%
La Reine des Neiges Scène n°7
34%
La Reine des Neiges Scène n°6
27%
La Reine des Neiges Scène n°8
21%
La Reine des Neiges Scène n°9
20%
La Reine des Neiges Scène n°15
16%
La Reine des Neiges Scène n°14
16%
La Reine des Neiges Scène n°10
15%
La Reine des Neiges Scène n°11
15%
La Reine des Neiges Scène n°13
14%
Vice Versa Scène n°12
13%
Aucun quiz correspondant
Distribution des résultats
% des personnes avec chaque résultat
Percentile par nombre de réponses
Votre historique - résultats
Vous n’avez pas pris ce quiz